| 000 | 005610000a22001930004500 | ||
|---|---|---|---|
| 090 |
_aAR _b03456 |
||
| 245 | 1 | 0 | _akey to grasshopper food plants based on anatomical features |
| 650 | 1 | 4 |
_aEntomología _94483 |
| 650 | 1 | 4 |
_aLangostas _996609 |
| 650 | 1 | 4 |
_aMorfología animal _99953 |
| 650 | 1 | 4 |
_aSelección de comida _997038 |
| 650 | 1 | 4 |
_aBotánica _9361 |
| 650 | 1 | 4 |
_aMorfología vegetal _918295 |
| 041 | 0 | _aInglés | |
| 700 | 1 |
_aGangwere, S. K. _996684 |
|
| 100 | 1 |
_aNelson, M. L. _997086 |
|
| 942 | _cARTICULO | ||
| 773 | 1 |
_tMichigan Botanist _q11-126 _d1981 _g20 |
|
| 999 |
_c12507 _d12507 |
||